[Event "ROM-ch U10"]
[Site "Calimanesti"]
[Date "2014.04.08"]
[Round "3"]
[White "Bostan, Alexandru"]
[Black "Leustian, Stefan"]
[Result "0-1"]
[WhiteElo "1001"]
[BlackElo "1001"]
[PlyCount "76"]
[EventDate "2014.04.06"]
[EventType "swiss"]
[EventRounds "9"]
[EventCountry "ROU"]
[SourceTitle "CBM 160 Extra"]
[Source "ChessBase"]
[SourceDate "2014.07.01"]
[SourceVersion "1"]
[SourceVersionDate "2014.07.01"]
[SourceQuality "1"]

1. e4 c5 2. Nc3 d6 3. Nf3 Nf6 4. d4 cxd4 5. Nxd4 a6 6. Nb1 e6 7. b4 Be7 8. Ne2 0-0 9. Bd2 Nbd7 10. b5 axb5 11. a4 bxa4 12. Ba5 Qxa5+ 13. c3 b5 14. Nc1 Bb7 15. Nd3 Bxe4 16. Nb2 Bxb1 17. Rxb1 Qxc3+ 18. Qd2 b4 19. Rc1 Qxd2+ 20. Kxd2 a3 21. Nc4 a2 22. g4 a1Q 23. Rxa1 Ne4+ 24. Ke3 Rxa1 25. Kxe4 Re1+ 26. Kf4 b3 27. Na3 b2 28. Kf3 d5 29. Kg3 Bxa3 30. Bd3 Rxh1 31. Kg2 Rd1 32. Be2 Rd2 33. Kf1 b1Q+ 34. Kg2 Rxe2 35. Kf3 Qd3+ 36. Kf4 Rxf2+ 37. Kg5 f6+ 38. Kh5 Rxh2# 0-1